FC Bayern München Kader Saison 2018/2019 - Statistiken

Allgemein
  • Dieses Quiz wurde 44 mal gespielt
  • Das Durchschnittsergebnis liegt bei 22 aus 27
Antwortstatistiken
Nummer Nation Spieler % Korrekt
1 Deutschland Manuel Neuer
100%
19 Kanada Alphonso Davies
98%
9 Polen Robert Lewandowski
98%
25 Deutschland Thomas Müller
98%
17 Deutschland Jérome Boateng
95%
32 Deutschland Joshua Kimmich
95%
26 Deutschland Sven Ulreich
95%
10 Niederlande Arjen Robben
93%
27 Österreich David Alaba
93%
7 Frankreich Franck Ribéry
93%
18 Deutschland Leon Goretzka
93%
8 Spanien Javi Martinez
90%
29 Frankreich Kingsley Coman
90%
5 Deutschland Mats Hummels
88%
6 Spanien Thiago
88%
11 Kolumbien James Rodriguez
85%
4 Deutschland Niklas Süle
85%
13 Brasilien Rafinha
83%
2 Deutschland Sandro Wagner
83%
22 Deutschland Serge Gnabry
83%
24 Frankreich Corentin Tolisso
80%
36 Deutschland Christian Früchtl
75%
35 Portugal Renato Sanches
70%
14 Spanien Juan Bernat
68%
39 Deutschland Ron-Thorben Hoffmann
60%
20 Südkorea Yeong Woo Jeong
43%
37 Deutschland Meritan Shabani
20%
Keine übereinstimmenden Quizze gefunden
Verteilung der Resultate
Anzahl Personen mit jedem Resultat
Perzentil nach korrekt beantworteten Fragen
Ihre Resultats-Entwicklung
Sie haben dieses Quiz noch nicht gespielt